| 000 | 00553cam a22002053a 4500 | ||
|---|---|---|---|
| 001 | 45071 | ||
| 003 | PGUSA | ||
| 005 | 20140828084030.0 | ||
| 008 | 140307s2014||||xxu|||||s|||||000 | eng d | ||
| 040 |
_aPGUSA _beng |
||
| 042 | _adc | ||
| 100 | 1 | _aKnox, Thomas W. | |
| 245 | 1 | 4 |
_aThe Lost Army _h[electronic resource] / _cThomas W. Knox |
| 260 |
_bProject Gutenberg, _c2014 |
||
| 506 | _aPublic domain in the USA. | ||
| 516 | _aElectronic text | ||
| 830 | 0 |
_aProject Gutenberg _v45071 |
|
| 856 | 4 | 0 | _uhttp://www.gutenberg.org/ebooks/45071 |
| 942 | _cEB | ||
| 999 |
_c274322 _d274322 |
||